00327nam a2200133Ia 4500008004100000020001500041041001200056082001600068100001200084245004100096260003200137300000800169650001600177221030s9999 xx 000 0 und d a8173192995 aEnglish a105.23bDal aN. Dale 0aC++ Plus Data Structurescby N. Dale bNarosa PubaNew Delhic1999 a773 aBE Computer